[Event "EYCC 2017"]
[Site "Mamaia"]
[Date "2017.09.09"]
[Round "5"]
[White "Vanduyfhuys, Daria"]
[Black "Katkov, Michelle"]
[Result "1-0"]
[WhiteElo "1775"]
[BlackElo "1845"]
[Annotator "NA"]
[PlyCount "119"]
[EventDate "2017.??.??"]
[EventType "swiss"]
[EventCountry "ROU"]
[SourceTitle "playchess.com"]
[Source "ChessBase"]
[SourceQuality "1"]
[TimeControl "40/5400+30:1800+30"]

1. d4 {[%emt 0:00:00]} Nf6 {[%emt 0:00:07]} 2. c4 {[%emt 0:00:00]} e6 {[%emt 0:00:05]} 3. Nf3 {[%emt 0:00:00]} b6 {[%emt 0:00:11]} 4. g3 {[%emt 0:00:47]} Bb4+ {[%emt 0:00:46]} 5. Bd2 {[%emt 0:00:11]} a5 {[%emt 0:00:10]} 6. Nc3 {[%emt 0:01:01]} Bxc3 {[%emt 0:01:21]} 7. Bxc3 {[%emt 0:00:36]} Ne4 {[%emt 0:00:15]} 8. Rc1 {[%emt 0:00:12]} O-O {[%emt 0:03:11]} 9. Bg2 {[%emt 0:00:26]} Nxc3 {[%emt 0:00:10]} 10. Rxc3 {[%emt 0:00:07]} Bb7 {[%emt 0:01:11]} 11. O-O {[%emt 0:01:28]} d6 {[%emt 0:01:44]} 12. Qc2 {[%emt 0:02:23]} Nc6 {[%emt 0:06:21]} 13. a3 {[%emt 0:03:47]} Qf6 {[%emt 0:08:14]} 14. Rd1 {[%emt 0:03:01]} Rab8 {[%emt 0:07:22]} 15. e4 {[%emt 0:09:09]} e5 {[%emt 0:02:10]} 16. d5 {[%emt 0:00:25]} Ne7 {[%emt 0:01:14]} 17. b4 {[%emt 0:02:12]} axb4 {[%emt 0:04:39]} 18. axb4 {[%emt 0:00:06]} Bc8 {[%emt 0:02:18]} 19. Ra1 {[%emt 0:01:44]} Bg4 {[%emt 0:01:17]} 20. Ra7 {[%emt 0:01:50]} Nc8 {[%emt 0:08:05]} 21. Ra1 {[%emt 0:01:56]} Ne7 {[%emt 0:00:11]} 22. Rca3 {[%emt 0:01:44]} c6 {[%emt 0:05:22]} 23. Nd2 {[%emt 0:05:08]} cxd5 {[%emt 0:04:28]} 24. exd5 {[%emt 0:00:10]} Nf5 {[%emt 0:00:52]} 25. Qe4 {[%emt 0:03:31]} Qg5 {[%emt 0:02:32]} 26. Nb3 {[%emt 0:02:54]} Ne7 {[%emt 0:03:12]} 27. Qe3 {[%emt 0:01:31]} Qxe3 {[%emt 0:01:22]} 28. fxe3 {[%emt 0:00:16]} Rfc8 {[%emt 0:01:38]} 29. Ra7 {[%emt 0:06:13]} Nf5 {[%emt 0:01:42]} 30. Re1 {[%emt 0:07:59]} Rxc4 {[%emt 0:06:54]} 31. h3 {[%emt 0:03:05]} Rxb4 {[%emt 0:00:36]} 32. hxg4 {[%emt 0:00:13]} Nxg3 {[%emt 0:00:28]} 33. Kh2 {[%emt 0:01:08]} Rxg4 {[%emt 0:01:00]} 34. Rea1 {[%emt 0:05:46]} Rb4 {[%emt 0:05:26]} 35. Kxg3 {[%emt 0:03:21]} Rxb3 {[%emt 0:00:06]} 36. Kf3 {[%emt 0:00:07]} Rb5 {[%emt 0:01:11]} 37. Ke4 {[%emt 0:01:32]} Rd8 {[%emt 0:01:01]} 38. Rf1 {[%emt 0:03:28]} f6 {[%emt 0:00:45]} 39. Bh3 {[%emt 0:00:24]} Ra5 {[%emt 0:02:53]} 40. Be6+ {[%emt 0:00:00]} Kh8 {[%emt 0:00:13]} 41. Rb7 {[%emt 0:01:43]} Ra4+ {[%emt 0:01:23]} 42. Kf3 {[%emt 0:00:40]} Rh4 {[%emt 0:04:07]} 43. Rb1 {[%emt 0:04:40]} g6 {[%emt 0:06:27]} 44. R1xb6 {[%emt 0:00:21]} f5 {[%emt 0:00:14]} 45. Rb8 {[%emt 0:06:30]} Rxb8 {[%emt 0:00:50]} 46. Rxb8+ {[%emt 0:00:09]} Kg7 {[%emt 0:00:08]} 47. Rb6 {[%emt 0:01:03]} e4+ {[%emt 0:05:38]} 48. Kg3 {[%emt 0:00:33]} Rg4+ {[%emt 0:00:06]} 49. Kf2 {[%emt 0:00:05]} h5 {[%emt 0:01:04]} 50. Rxd6 {[%emt 0:00:32]} h4 {[%emt 0:01:40]} 51. Rc6 {[%emt 0:00:28]} h3 {[%emt 0:01:19]} 52. Rc7+ {[%emt 0:02:57]} Kf6 {[%emt 0:00:26]} 53. Rh7 {[%emt 0:00:52]} Rg2+ {[%emt 0:00:05]} 54. Kf1 {[%emt 0:00:08]} Rg3 {[%emt 0:00:05]} 55. d6 {[%emt 0:02:29]} Rg2 {[%emt 0:11:22]} 56. Ke1 {[%emt 0:10:04]} Rb2 {[%emt 0:05:23]} 57. Bc8 {[%emt 0:02:21]} Rb3 {[%emt 0:00:38]} 58. Rxh3 {[%emt 0:01:37]} Rd3 {[%emt 0:00:55]} 59. d7 {[%emt 0:00:19]} g5 {[%emt 0:02:06]} 60. Rh8 {[%emt 0:02:00]} 1-0

[Event "EYCC 2017"]
[Site "Mamaia"]
[Date "2017.09.09"]
[Round "5"]
[White "Piliposyan, Robert"]
[Black "Makkar, Rajat"]
[Result "1/2-1/2"]
[WhiteElo "1773"]
[BlackElo "1880"]
[Annotator "NA"]
[PlyCount "117"]
[EventDate "2017.??.??"]
[EventType "swiss"]
[EventCountry "ROU"]
[SourceTitle "playchess.com"]
[Source "ChessBase"]
[SourceQuality "1"]
[TimeControl "40/5400+30:1800+30"]

1. e4 {[%emt 0:00:00]} c6 {[%emt 0:00:18]} 2. d4 {[%emt 0:00:00]} d5 {[%emt 0:00:10]} 3. Nd2 {[%emt 0:00:00]} dxe4 {[%emt 0:00:19]} 4. Nxe4 {[%emt 0:00:00]} Nd7 {[%emt 0:00:17]} 5. Ng5 {[%emt 0:00:03]} Ngf6 {[%emt 0:00:53]} 6. Bd3 {[%emt 0:00:22]} e6 {[%emt 0:00:45]} 7. N1f3 {[%emt 0:02:15]} Bd6 {[%emt 0:01:54]} 8. Qe2 {[%emt 0:00:25]} h6 {[%emt 0:00:29]} 9. Ne4 {[%emt 0:00:11]} Nxe4 {[%emt 0:00:20]} 10. Qxe4 {[%emt 0:00:08]} Nf6 {[%emt 0:00:14]} 11. Qe2 {[%emt 0:00:51]} b6 {[%emt 0:01:44]} 12. O-O {[%emt 0:00:30]} Bb7 {[%emt 0:01:21]} 13. c4 {[%emt 0:03:32]} O-O {[%emt 0:02:58]} 14. Bd2 {[%emt 0:01:50]} Qc7 {[%emt 0:02:03]} 15. h3 {[%emt 0:08:07]} c5 {[%emt 0:04:44]} 16. dxc5 {[%emt 0:02:47]} Bxc5 {[%emt 0:01:26]} 17. b4 {[%emt 0:07:50]} Bd6 {[%emt 0:03:18]} 18. Rac1 {[%emt 0:23:27]} Rac8 {[%emt 0:03:44]} 19. Bb1 {[%emt 0:12:15]} Rfd8 {[%emt 0:01:58]} 20. Rfd1 {[%emt 0:00:13]} e5 {[%emt 0:04:15]} 21. Bf5 {[%emt 0:06:47]} e4 {[%emt 0:02:36]} 22. Ne1 {[%emt 0:05:08]} Rb8 {[%emt 0:01:26]} 23. h4 {[%emt 0:00:30]} Qe7 {[%emt 0:06:36]} 24. g3 {[%emt 0:03:33]} Bxb4 25. Bf4 {[%emt 0:00:19]} Bd6 {[%emt 0:03:44]} 26. Ng2 {[%emt 0:04:09]} Bxf4 {[%emt 0:09:30]} 27. Nxf4 {[%emt 0:00:01]} Qc5 {[%emt 0:01:00]} 28. Nd5 {[%emt 0:00:50]} Nxd5 {[%emt 0:02:31]} 29. cxd5 {[%emt 0:00:07]} Qa5 {[%emt 0:00:30]} 30. Bxe4 {[%emt 0:04:09]} Bxd5 {[%emt 0:00:26]} 31. Bxd5 {[%emt 0:01:23]} Rxd5 {[%emt 0:00:08]} 32. Rxd5 {[%emt 0:00:45]} Qxd5 {[%emt 0:00:02]} 33. Rc7 {[%emt 0:00:10]} a5 {[%emt 0:00:56]} 34. Qc4 {[%emt 0:03:11]} Qf5 {[%emt 0:02:01]} 35. Qc2 {[%emt 0:00:21]} Qf3 {[%emt 0:00:41]} 36. Rc3 {[%emt 0:00:40]} Qd5 {[%emt 0:00:31]} 37. Rd3 {[%emt 0:00:33]} Qe5 {[%emt 0:01:53]} 38. Qc3 {[%emt 0:00:27]} Qe4 {[%emt 0:01:18]} 39. Qd4 {[%emt 0:03:25]} Qe1+ {[%emt 0:00:39]} 40. Kg2 {[%emt 0:00:00]} b5 {[%emt 0:02:20]} 41. Rd1 {[%emt 0:03:17]} Qe6 {[%emt 0:00:59]} 42. Qd5 {[%emt 0:00:23]} Qb6 {[%emt 0:03:38]} 43. Qd6 {[%emt 0:05:17]} Qb7+ {[%emt 0:00:19]} 44. Qd5 {[%emt 0:00:20]} Qe7 {[%emt 0:00:23]} 45. Qd6 {[%emt 0:06:18]} Qe4+ {[%emt 0:00:25]} 46. Kh2 {[%emt 0:01:32]} Re8 {[%emt 0:00:15]} 47. Qd5 {[%emt 0:01:19]} Qe2 {[%emt 0:01:10]} 48. Rd2 {[%emt 0:03:13]} Qf1 {[%emt 0:00:18]} 49. Qh1 {[%emt 0:00:19]} Qc4 {[%emt 0:01:51]} 50. Qd5 {[%emt 0:00:06]} Qxd5 {[%emt 0:02:28]} 51. Rxd5 {[%emt 0:00:07]} Re2 {[%emt 0:00:05]} 52. Kg2 {[%emt 0:00:13]} Rb2 {[%emt 0:00:29]} 53. a4 bxa4 {[%emt 0:00:07]} 54. Rxa5 {[%emt 0:00:26]} Ra2 {[%emt 0:00:07]} 55. Ra7 {[%emt 0:00:05]} Ra1 {[%emt 0:00:05]} 56. h5 {[%emt 0:00:10]} a3 {[%emt 0:00:34]} 57. Ra8+ {[%emt 0:00:11]} Kh7 {[%emt 0:00:22]} 58. Ra7 {[%emt 0:00:47]} f6 {[%emt 0:00:39]} 59. Ra8 {[%emt 0:00:15]} 1/2-1/2

[Event "EYCC 2017"]
[Site "Mamaia"]
[Date "2017.09.09"]
[Round "5"]
[White "Ince, Safiye Oyku"]
[Black "Bondareva, Daria"]
[Result "1-0"]
[WhiteElo "1737"]
[BlackElo "1754"]
[Annotator "NA"]
[PlyCount "85"]
[EventDate "2017.??.??"]
[EventType "swiss"]
[EventCountry "ROU"]
[SourceTitle "playchess.com"]
[Source "ChessBase"]
[SourceQuality "1"]
[TimeControl "40/5400+30:1800+30"]

1. e4 {[%emt 0:00:00]} e5 {[%emt 0:00:02]} 2. Nc3 {[%emt 0:00:00]} Nf6 {[%emt 0:00:06]} 3. f4 {[%emt 0:00:00]} d5 {[%emt 0:00:02]} 4. fxe5 {[%emt 0:00:00]} Nxe4 {[%emt 0:00:03]} 5. Qf3 {[%emt 0:00:01]} Nxc3 {[%emt 0:06:27]} 6. dxc3 {[%emt 0:01:21]} Bc5 {[%emt 0:07:00]} 7. Qg3 {[%emt 0:00:16]} g6 {[%emt 0:06:30]} 8. Bg5 {[%emt 0:05:02]} Be7 {[%emt 0:01:28]} 9. Bxe7 {[%emt 0:01:08]} Qxe7 {[%emt 0:00:03]} 10. O-O-O {[%emt 0:00:06]} Be6 {[%emt 0:02:27]} 11. Nf3 {[%emt 0:03:56]} Nd7 {[%emt 0:03:38]} 12. Nd4 {[%emt 0:02:01]} O-O-O {[%emt 0:03:43]} 13. Be2 {[%emt 0:00:16]} Rhe8 {[%emt 0:03:16]} 14. Bf3 {[%emt 0:03:37]} c6 {[%emt 0:04:42]} 15. Rhe1 {[%emt 0:09:55]} Nf8 {[%emt 0:15:15]} 16. Qf2 {[%emt 0:13:55]} Kb8 {[%emt 0:04:13]} 17. c4 {[%emt 0:01:28]} Qc5 {[%emt 0:11:13]} 18. Re3 {[%emt 0:03:40]} Ka8 {[%emt 0:06:30]} 19. cxd5 {[%emt 0:19:12]} cxd5 {[%emt 0:04:37]} 20. Rc3 {[%emt 0:04:52]} Qb6 {[%emt 0:03:06]} 21. Rb3 {[%emt 0:00:25]} Qc5 {[%emt 0:00:48]} 22. Rdd3 {[%emt 0:00:30]} a6 {[%emt 0:03:55]} 23. Qd2 {[%emt 0:06:31]} Rc8 {[%emt 0:02:15]} 24. Ra3 {[%emt 0:00:46]} Nd7 {[%emt 0:05:12]} 25. Qf4 {[%emt 0:05:25]} Qc7 {[%emt 0:02:31]} 26. Re3 {[%emt 0:04:31]} Qb6 {[%emt 0:03:01]} 27. Be2 {[%emt 0:03:46]} g5 {[%emt 0:00:07]} 28. Qf1 {[%emt 0:05:13]} Qxd4 {[%emt 0:00:40]} 29. Bxa6 {[%emt 0:00:09]} Kb8 {[%emt 0:01:34]} 30. Bxb7 {[%emt 0:01:25]} Qf4 {[%emt 0:00:26]} 31. Qa6 {[%emt 0:01:58]} Rc4 {[%emt 0:00:36]} 32. Qa7+ {[%emt 0:02:26]} Kc7 {[%emt 0:00:02]} 33. Bxd5+ {[%emt 0:00:32]} Kd8 {[%emt 0:00:00]} 34. Bxc4 {[%emt 0:00:13]} Bxc4 {[%emt 0:01:23]} 35. Qa5+ {[%emt 0:00:31]} Ke7 {[%emt 0:00:28]} 36. Qb4+ {[%emt 0:00:06]} Ke6 {[%emt 0:00:02]} 37. Qd6+ {[%emt 0:00:19]} Kf5 {[%emt 0:00:06]} 38. Qxd7+ {[%emt 0:00:13]} Kg6 {[%emt 0:00:05]} 39. Qxe8 {[%emt 0:00:48]} Qf1+ {[%emt 0:00:01]} 40. Kd2 {[%emt 0:00:00]} Qf2+ {[%emt 0:00:02]} 41. Kd1 {[%emt 0:00:14]} Qg1+ {[%emt 0:01:22]} 42. Re1 {[%emt 0:00:32]} Qd4+ {[%emt 0:00:02]} 43. Kc1 {[%emt 0:00:07]} 1-0

[Event "EYCC 2017"]
[Site "Mamaia"]
[Date "2017.09.09"]
[Round "5"]
[White "Mihelic, Vesna"]
[Black "Mironenko, Galina"]
[Result "0-1"]
[WhiteElo "1710"]
[BlackElo "2035"]
[Annotator "NA"]
[PlyCount "70"]
[EventDate "2017.??.??"]
[EventType "swiss"]
[EventCountry "ROU"]
[SourceTitle "playchess.com"]
[Source "ChessBase"]
[SourceQuality "1"]
[TimeControl "40/5400+30:1800+30"]

1. e4 {[%emt 0:00:00]} d6 {[%emt 0:00:08]} 2. d4 {[%emt 0:00:00]} Nf6 {[%emt 0:00:06]} 3. Bd3 {[%emt 0:00:04]} e5 {[%emt 0:00:16]} 4. c3 {[%emt 0:04:09]} Be7 {[%emt 0:01:02]} 5. Nf3 {[%emt 0:00:49]} Nbd7 {[%emt 0:02:10]} 6. O-O {[%emt 0:01:57]} O-O {[%emt 0:00:28]} 7. Nbd2 {[%emt 0:03:10]} c6 {[%emt 0:02:06]} 8. b3 {[%emt 0:06:19]} Qc7 {[%emt 0:09:28]} 9. c4 {[%emt 0:05:54]} d5 {[%emt 0:11:25]} 10. cxd5 {[%emt 0:05:29]} cxd5 {[%emt 0:01:59]} 11. Bb2 {[%emt 0:01:52]} dxe4 {[%emt 0:05:36]} 12. Nxe4 {[%emt 0:01:52]} Nxe4 {[%emt 0:01:34]} 13. Bxe4 {[%emt 0:00:12]} Nf6 {[%emt 0:00:28]} 14. Qe2 {[%emt 0:11:18]} exd4 {[%emt 0:12:51]} 15. Nxd4 {[%emt 0:02:07]} Nxe4 {[%emt 0:03:49]} 16. Qxe4 {[%emt 0:00:18]} Bf6 {[%emt 0:08:55]} 17. Rac1 {[%emt 0:07:32]} Qb6 {[%emt 0:06:15]} 18. Rc2 {[%emt 0:06:20]} Bd7 {[%emt 0:01:34]} 19. Qf4 {[%emt 0:19:59]} Rad8 {[%emt 0:04:47]} 20. Nf3 {[%emt 0:03:39]} Bxb2 {[%emt 0:06:27]} 21. Rxb2 {[%emt 0:00:02]} Rfe8 {[%emt 0:01:09]} 22. h3 {[%emt 0:01:40]} h6 {[%emt 0:04:51]} 23. Rc1 {[%emt 0:02:02]} Bc6 {[%emt 0:01:20]} 24. Rc4 {[%emt 0:06:13]} Bxf3 {[%emt 0:05:33]} 25. Qxf3 {[%emt 0:05:32]} Re1+ {[%emt 0:00:15]} 26. Kh2 {[%emt 0:00:31]} Qd6+ {[%emt 0:00:11]} 27. g3 {[%emt 0:01:17]} Qe5 {[%emt 0:06:31]} 28. Qc3 {[%emt 0:03:03]} Qe6 {[%emt 0:01:07]} 29. Rd2 {[%emt 0:00:36]} Re8 {[%emt 0:00:39]} 30. Rcd4 {[%emt 0:00:30]} Rh1+ {[%emt 0:00:20]} 31. Kg2 {[%emt 0:00:31]} Qxh3+ {[%emt 0:00:45]} 32. Kf3 {[%emt 0:00:01]} Qf5+ {[%emt 0:00:44]} 33. Kg2 {[%emt 0:00:45]} Ree1 {[%emt 0:00:43]} 34. Rd8+ {[%emt 0:00:41]} Kh7 {[%emt 0:00:07]} 35. f4 {[%emt 0:00:23]} Qe4+ 0-1

[Event "EYCC 2017"]
[Site "Mamaia"]
[Date "2017.09.09"]
[Round "5"]
[White "Royal, Shreyas"]
[Black "Dimitrov, Martin Il"]
[Result "1-0"]
[WhiteElo "1700"]
[BlackElo "1645"]
[Annotator "NA"]
[PlyCount "69"]
[EventDate "2017.??.??"]
[EventType "swiss"]
[EventCountry "ROU"]
[SourceTitle "playchess.com"]
[Source "ChessBase"]
[SourceQuality "1"]
[TimeControl "40/5400+30:1800+30"]

1. d4 g6 2. c4 Bg7 3. Nc3 c5 4. d5 Bxc3+ 5. bxc3 f5 6. Nf3 Nf6 7. Bh6 Qa5 8. Qb3 d6 9. e3 Nbd7 10. Bd3 Nb6 11. O-O Bd7 12. Rfe1 O-O-O 13. h3 Rhg8 14. Ng5 Kc7 15. e4 fxe4 16. Nxe4 Nxe4 17. Rxe4 Rde8 18. Rae1 Bf5 19. Rxe7+ Rxe7 20. Rxe7+ Kd8 21. Bg5 Kc8 22. Bxf5+ gxf5 23. Bf4 Qa6 24. Bxd6 Nxc4 25. Bf4 Nb6 26. d6 c4 27. Qd1 Rd8 28. Rc7+ Kb8 29. d7 Ka8 30. Bg5 Nxd7 31. Bxd8 Nb8 32. Bg5 Qe6 33. Re7 Qg6 34. h4 h6 35. Qd8 1-0

[Event "EYCC 2017"]
[Site "Mamaia"]
[Date "2017.09.09"]
[Round "5"]
[White "Matasaru, Stephanie"]
[Black "Lomaia, Diana"]
[Result "0-1"]
[WhiteElo "1662"]
[BlackElo "1753"]
[Annotator "NA"]
[PlyCount "61"]
[EventDate "2017.??.??"]
[EventType "swiss"]
[EventCountry "ROU"]
[SourceTitle "playchess.com"]
[Source "ChessBase"]
[SourceQuality "1"]
[TimeControl "40/5400+30:1800+30"]

1. e4 {[%emt 0:00:00]} c5 {[%emt 0:00:04]} 2. Nf3 {[%emt 0:00:00]} d6 {[%emt 0:00:11]} 3. d4 {[%emt 0:00:00]} cxd4 {[%emt 0:00:05]} 4. Nxd4 {[%emt 0:00:00]} Nf6 {[%emt 0:00:14]} 5. Nc3 {[%emt 0:00:00]} a6 {[%emt 0:00:37]} 6. h3 {[%emt 0:00:09]} e5 {[%emt 0:01:16]} 7. Nde2 {[%emt 0:00:42]} h5 {[%emt 0:00:56]} 8. g3 {[%emt 0:00:43]} Be6 {[%emt 0:01:13]} 9. Bg2 {[%emt 0:00:37]} Nbd7 {[%emt 0:02:38]} 10. Bg5 {[%emt 0:06:03]} Be7 {[%emt 0:01:39]} 11. Bxf6 {[%emt 0:00:49]} Nxf6 {[%emt 0:00:19]} 12. Nd5 {[%emt 0:01:16]} Bxd5 {[%emt 0:01:12]} 13. exd5 {[%emt 0:00:11]} Rc8 {[%emt 0:02:11]} 14. O-O {[%emt 0:07:31]} O-O {[%emt 0:01:38]} 15. f4 {[%emt 0:05:32]} Qb6+ {[%emt 0:05:46]} 16. Kh2 {[%emt 0:01:16]} exf4 {[%emt 0:21:57]} 17. Rxf4 {[%emt 0:04:51]} Qxb2 {[%emt 0:03:10]} 18. Nd4 {[%emt 0:06:02]} Rc7 {[%emt 0:09:39]} 19. a4 {[%emt 0:16:37]} Qc3 {[%emt 0:04:21]} 20. Rb1 {[%emt 0:05:01]} Qc5 {[%emt 0:04:00]} 21. Nf5 {[%emt 0:04:26]} Bd8 {[%emt 0:02:57]} 22. c4 {[%emt 0:03:20]} Re8 {[%emt 0:01:58]} 23. Qf3 {[%emt 0:04:24]} Re5 {[%emt 0:23:10]} 24. Rf1 {[%emt 0:11:46]} Rd7 {[%emt 0:04:54]} 25. g4 {[%emt 0:07:00]} hxg4 {[%emt 0:01:44]} 26. hxg4 {[%emt 0:00:38]} Nh7 {[%emt 0:01:06]} 27. Qh3 {[%emt 0:06:49]} Bg5 {[%emt 0:00:35]} 28. R4f3 {[%emt 0:00:47]} Qxc4 {[%emt 0:02:23]} 29. Rc3 {[%emt 0:00:47]} Qb4 {[%emt 0:00:20]} 30. Rc8+ {[%emt 0:01:31]} Rd8 {[%emt 0:00:02]} 31. Ne3 {[%emt 0:00:49]} 0-1

[Event "EYCC 2017"]
[Site "Mamaia"]
[Date "2017.09.09"]
[Round "5"]
[White "Tsotsonava, Elene"]
[Black "Kirchei, Viktoriia"]
[Result "1-0"]
[WhiteElo "1644"]
[BlackElo "1943"]
[Annotator "NA"]
[PlyCount "89"]
[EventDate "2017.??.??"]
[EventType "swiss"]
[EventCountry "ROU"]
[SourceTitle "playchess.com"]
[Source "ChessBase"]
[SourceQuality "1"]
[TimeControl "40/5400+30:1800+30"]

1. e4 d6 2. d4 Nf6 3. Nc3 Nbd7 4. f4 e5 5. Nf3 exd4 6. Nxd4 Nc5 7. Bd3 Be7 8. O-O O-O 9. h3 Nxd3 10. Qxd3 Nd7 11. Be3 Nc5 12. Qd2 Bf6 13. Qf2 Re8 14. Qf3 b6 15. Nc6 Qd7 16. e5 Bb7 17. exf6 Qxc6 18. Qxc6 Bxc6 19. Bxc5 bxc5 20. fxg7 Kxg7 21. Rad1 Rab8 22. b3 Rb4 23. Rfe1 Rg8 24. g3 Kf6 25. Kf2 Ba8 26. Re2 Rd8 27. Rde1 Rbb8 28. Re7 Rdc8 29. g4 a6 30. Kg3 Bc6 31. h4 Kg7 32. g5 d5 33. h5 Kf8 34. R7e5 Re8 35. Kg4 Rxe5 36. Rxe5 Re8 37. Rxe8+ Kxe8 38. Kf5 Ke7 39. Ke5 d4 40. Ne4 Bxe4 41. Kxe4 Ke6 42. f5+ Kd6 43. g6 fxg6 44. fxg6 hxg6 45. h6 1-0

[Event "EYCC 2017"]
[Site "Mamaia"]
[Date "2017.09.09"]
[Round "5"]
[White "Ljepic, Andrej"]
[Black "Vetokhin, Savva"]
[Result "0-1"]
[WhiteElo "1616"]
[BlackElo "1703"]
[Annotator "NA"]
[PlyCount "112"]
[EventDate "2017.??.??"]
[EventType "swiss"]
[EventCountry "ROU"]
[SourceTitle "playchess.com"]
[Source "ChessBase"]
[SourceQuality "1"]
[TimeControl "40/5400+30:1800+30"]

1. e4 {[%emt 0:00:00]} c5 {[%emt 0:00:13]} 2. Nc3 {[%emt 0:00:00]} Nc6 {[%emt 0:00:14]} 3. f4 {[%emt 0:00:00]} g6 {[%emt 0:00:10]} 4. Nf3 {[%emt 0:00:09]} Bg7 {[%emt 0:00:11]} 5. Bc4 {[%emt 0:00:11]} e6 {[%emt 0:00:19]} 6. f5 {[%emt 0:00:07]} Nge7 {[%emt 0:00:16]} 7. fxe6 {[%emt 0:00:22]} dxe6 {[%emt 0:00:06]} 8. O-O {[%emt 0:00:14]} O-O {[%emt 0:00:46]} 9. d3 {[%emt 0:00:10]} Nd4 {[%emt 0:00:24]} 10. Nxd4 {[%emt 0:00:10]} cxd4 {[%emt 0:00:08]} 11. Ne2 {[%emt 0:00:12]} Nc6 {[%emt 0:02:07]} 12. a3 {[%emt 0:00:48]} Ne5 {[%emt 0:02:54]} 13. Ba2 {[%emt 0:00:34]} Ng4 {[%emt 0:03:27]} 14. h3 {[%emt 0:04:01]} Ne3 {[%emt 0:02:35]} 15. Bxe3 {[%emt 0:01:04]} dxe3 {[%emt 0:00:08]} 16. c3 {[%emt 0:01:38]} Qb6 {[%emt 0:01:25]} 17. Qb3 {[%emt 0:03:47]} Qa6 {[%emt 0:01:37]} 18. Qc2 {[%emt 0:11:34]} Qb5 {[%emt 0:07:45]} 19. Rf3 {[%emt 0:02:54]} Bh6 {[%emt 0:05:14]} 20. Raf1 {[%emt 0:07:40]} Qb6 {[%emt 0:07:32]} 21. Kh1 {[%emt 0:03:47]} Bd7 {[%emt 0:03:53]} 22. d4 {[%emt 0:05:08]} Rac8 {[%emt 0:11:13]} 23. d5 {[%emt 0:14:12]} exd5 {[%emt 0:08:21]} 24. Bxd5 {[%emt 0:08:53]} Be6 {[%emt 0:01:28]} 25. Bxe6 {[%emt 0:01:20]} Qxe6 {[%emt 0:00:10]} 26. Nd4 {[%emt 0:01:53]} Qc4 {[%emt 0:02:09]} 27. Qb1 {[%emt 0:02:27]} Bg7 {[%emt 0:06:57]} 28. Nc2 {[%emt 0:05:10]} e2 {[%emt 0:01:36]} 29. Re1 Rfe8 {[%emt 0:04:57]} 30. Ne3 {[%emt 0:02:14]} Qxe4 {[%emt 0:00:13]} 31. Qxe4 {[%emt 0:00:13]} Rxe4 {[%emt 0:00:05]} 32. Rxe2 {[%emt 0:00:10]} Rce8 {[%emt 0:00:58]} 33. Kg1 {[%emt 0:00:33]} Bh6 {[%emt 0:00:50]} 34. Kf2 {[%emt 0:00:19]} f5 {[%emt 0:00:27]} 35. Re1 {[%emt 0:00:41]} Rd8 {[%emt 0:01:07]} 36. Re2 Rd3 37. g4 Bxe3+ 38. Rfxe3 Rexe3 39. Rxe3 {[%emt 0:03:49]} Rd2+ {[%emt 0:08:29]} 40. Re2 {[%emt 0:00:00]} Rxe2+ {[%emt 0:00:05]} 41. Kxe2 {[%emt 0:00:22]} fxg4 {[%emt 0:00:31]} 42. hxg4 {[%emt 0:00:15]} h5 {[%emt 0:00:17]} 43. Kf3 {[%emt 0:00:24]} Kf7 {[%emt 0:00:33]} 44. b4 {[%emt 0:00:28]} Ke6 {[%emt 0:00:14]} 45. c4 {[%emt 0:00:17]} Ke5 {[%emt 0:02:29]} 46. gxh5 {[%emt 0:01:57]} gxh5 {[%emt 0:00:09]} 47. Kg3 {[%emt 0:00:06]} b6 48. Kh4 Kd4 49. c5 bxc5 50. bxc5 Kxc5 51. Kxh5 Kc4 52. Kg4 Kb3 53. a4 Kxa4 54. Kf3 Kb3 55. Ke3 a5 56. Kd2 Kb2 0-1

[Event "EYCC 2017"]
[Site "Mamaia"]
[Date "2017.09.09"]
[Round "5"]
[White "Filip, Andrei"]
[Black "Samadov, Read"]
[Result "0-1"]
[WhiteElo "1612"]
[BlackElo "1848"]
[Annotator "NA"]
[PlyCount "110"]
[EventDate "2017.??.??"]
[EventType "swiss"]
[EventCountry "ROU"]
[SourceTitle "playchess.com"]
[Source "ChessBase"]
[SourceQuality "1"]
[TimeControl "40/5400+30:1800+30"]

1. d4 {[%emt 0:00:00]} d5 {[%emt 0:00:05]} 2. c4 {[%emt 0:00:00]} c6 {[%emt 0:00:04]} 3. Nf3 {[%emt 0:00:42]} Nf6 {[%emt 0:00:10]} 4. e3 {[%emt 0:00:48]} e6 {[%emt 0:00:12]} 5. Bd3 {[%emt 0:01:03]} Nbd7 {[%emt 0:02:06]} 6. O-O {[%emt 0:00:56]} Bd6 {[%emt 0:04:26]} 7. Nbd2 {[%emt 0:05:11]} O-O {[%emt 0:03:27]} 8. e4 {[%emt 0:03:18]} dxe4 {[%emt 0:07:37]} 9. Nxe4 {[%emt 0:00:48]} Nxe4 {[%emt 0:02:28]} 10. Bxe4 {[%emt 0:00:08]} h6 {[%emt 0:00:59]} 11. Be3 {[%emt 0:15:48]} Qe7 {[%emt 0:08:16]} 12. Rc1 {[%emt 0:13:36]} e5 13. Bb1 {[%emt 0:17:57]} e4 {[%emt 0:19:13]} 14. Nd2 {[%emt 0:02:06]} f5 {[%emt 0:03:28]} 15. f4 {[%emt 0:00:51]} Nf6 16. c5 Bc7 {[%emt 0:07:18]} 17. Nc4 {[%emt 0:04:59]} Nd5 {[%emt 0:02:11]} 18. Qe2 {[%emt 0:02:45]} Be6 {[%emt 0:05:48]} 19. a3 {[%emt 0:03:30]} Rad8 {[%emt 0:02:07]} 20. Ba2 {[%emt 0:03:32]} Qf7 {[%emt 0:03:54]} 21. Ne5 {[%emt 0:03:57]} Bxe5 {[%emt 0:01:16]} 22. fxe5 {[%emt 0:00:52]} Ne7 {[%emt 0:01:28]} 23. Bxe6 {[%emt 0:00:45]} Qxe6 {[%emt 0:00:01]} 24. Qc4 {[%emt 0:01:54]} Nd5 {[%emt 0:01:27]} 25. g3 {[%emt 0:03:53]} Kh7 {[%emt 0:03:29]} 26. b4 {[%emt 0:02:11]} Qg6 {[%emt 0:00:48]} 27. Bf4 {[%emt 0:00:43]} Qg4 {[%emt 0:03:16]} 28. e6 {[%emt 0:02:33]} Rfe8 {[%emt 0:01:00]} 29. b5 {[%emt 0:01:30]} Rxe6 {[%emt 0:02:26]} 30. bxc6 {[%emt 0:00:13]} bxc6 {[%emt 0:00:09]} 31. Qa6 {[%emt 0:00:45]} e3 {[%emt 0:02:31]} 32. Rce1 {[%emt 0:00:29]} Re4 {[%emt 0:00:55]} 33. Be5 {[%emt 0:00:41]} f4 {[%emt 0:01:06]} 34. Qd3 {[%emt 0:00:11]} f3 {[%emt 0:00:50]} 35. Bf4 {[%emt 0:00:46]} f2+ {[%emt 0:04:06]} 36. Rxf2 {[%emt 0:01:30]} exf2+ {[%emt 0:00:11]} 37. Kxf2 {[%emt 0:00:08]} Nf6 {[%emt 0:00:35]} 38. Rxe4 {[%emt 0:00:08]} Nxe4+ {[%emt 0:01:43]} 39. Qxe4+ {[%emt 0:00:07]} Qg6 {[%emt 0:00:09]} 40. Qxg6+ {[%emt 0:00:00]} Kxg6 {[%emt 0:00:06]} 41. Be5 {[%emt 0:01:05]} Rd7 {[%emt 0:01:35]} 42. Ke3 {[%emt 0:02:21]} Kf5 {[%emt 0:01:42]} 43. h3 {[%emt 0:04:08]} h5 {[%emt 0:00:41]} 44. Kd3 {[%emt 0:02:07]} g5 {[%emt 0:00:40]} 45. a4 {[%emt 0:02:22]} a5 {[%emt 0:01:09]} 46. Bd6 {[%emt 0:01:01]} Rb7 {[%emt 0:01:41]} 47. d5 {[%emt 0:01:39]} cxd5 {[%emt 0:05:19]} 48. c6 {[%emt 0:00:09]} Rb6 {[%emt 0:00:20]} 49. c7 {[%emt 0:01:42]} Rc6 {[%emt 0:00:06]} 50. g4+ {[%emt 0:00:19]} hxg4 {[%emt 0:01:23]} 51. hxg4+ {[%emt 0:00:06]} Ke6 {[%emt 0:00:14]} 52. Bh2 {[%emt 0:01:06]} Kd7 {[%emt 0:00:41]} 53. Kd4 {[%emt 0:00:26]} Rc4+ {[%emt 0:00:18]} 54. Kxd5 {[%emt 0:00:22]} Rxg4 {[%emt 0:00:09]} 55. Ke5 {[%emt 0:02:20]} Rxa4 {[%emt 0:00:19] Kd4} 0-1